Cơ chế giải quyết tranh chấp lao động tập thể về lợi ích do tập thể lao động và người sử dụng lao động thỏa thuận /
Gorde:
| Egile nagusia: | |
|---|---|
| Formatua: | Artikulua |
| Hizkuntza: | Vietnamese |
| Gaiak: | |
| Etiketak: |
Etiketa erantsi
Etiketarik gabe, Izan zaitez lehena erregistro honi etiketa jartzen!
|
| Thư viện lưu trữ: | Thư viện Trường Đại học Đà Lạt |
|---|
| LEADER | 00986nam a2200301 4500 | ||
|---|---|---|---|
| 001 | DLU180188497 | ||
| 005 | ##20181109 | ||
| 040 | # | # | |a DLU |b vie |
| 041 | # | # | |a vie |
| 044 | # | # | |a vn |
| 100 | # | # | |a Vũ Thị Thu Hiền. |
| 245 | # | # | |a Cơ chế giải quyết tranh chấp lao động tập thể về lợi ích do tập thể lao động và người sử dụng lao động thỏa thuận / |c Vũ Thị Thu Hiền. |
| 653 | # | # | |a Cơ chế |
| 653 | # | # | |a Giải quyết |
| 653 | # | # | |a Người sử dụng lao động |
| 653 | # | # | |a Tập thể lao động |
| 653 | # | # | |a Thỏa thuận |
| 653 | # | # | |a Tranh chấp lao động |
| 773 | # | # | |t Nhà nước và pháp luật |g Số 12(344), 2016, tr. 42-47 |
| 920 | # | # | |a Phòng Tạp chí -- Trung tâm Thông tin - Thư viện Trường Đại học Đà Lạt |
| 994 | # | # | |a DLU |
| 900 | # | # | |a True |
| 911 | # | # | |a Hoàng Thị Huyền |
| 925 | # | # | |a G |
| 926 | # | # | |a A |
| 927 | # | # | |a BB |
| 980 | # | # | |a Thư viện Trường Đại học Đà Lạt |